Statistics for Notable Capes on the Map

Click here to take the quiz!

General Stats

  • This quiz has been taken 145 times
  • The average score is 6 of 17

Answers on the Map

Answers color-coded by a green-red scale on the quiz's map according to % correct below.
Loading ...
 

Answer Stats

Cape% Correct
Cape of Good Hope
90%
Cape Cod
81%
Cape Horn
73%
Cape Canaveral
57%
Cape York
51%
Cape Cornwall
43%
Cape San Lucas
31%
Cape Fear/Hatteras
31%
Cape Verde
29%
Cape Agulhas
19%
Cape Farewell
10%
Cape Leeuwin
9%
Cape Byron
8%
Cape Guardafui
7%
Cape Comorin
7%
Cape Prince of Wales
5%
Cape Dezhnev
4%

Score Distribution

Percentile by Number Answered

Percent of People with Each Score

Your Score History

You have not taken this quiz